00890nam a22002177a 450000100060000000300080000600500170001400800410003103500190007204000350009104100080012608200270013410000240016124501690018526000930035430000360044750200980048350400360058165000140061770000410063180742BD-RjUL20230405142813.0221109s2001 bg a|||| m||| 00| 0 eng d a(BD-RjUL)80742 aBD-RjULbengcBD-RjULdBD-RjUL aeng 223a532.0527bIST 2001 aIslam, Md. Anowarul10aTheoretical investigations of turbulence and Magneto-Hydrodynamic turbulence in incompressible fluid /cBy Md. Anowarul Islam ;6Supervisor : M. Shamsul Alam Sarker aRajshahi :bDepartment of Mathematics, Faculty of Science, University of Rajshahi,c2001 ax, 147 leaves :bill, ;c29.cm. aThesis (Ph. D.) -- Department of Mathematics Faculty of Science, University of Rajshahi, 2001 aBibliography : Leaves 141 - 147 aTurbulent aSarker, M. Shamsul Alam, Supervisor